Historia del teatro /

Guardado en:
Autor Principal: Farias, Javier
Formato: Libro
Publicado: Buenos Aires : Atl ntida, 1958
Edición:2a. ed.
Series:Oro de cultura general, 160
Materias:
Etiquetas: Agregar Etiqueta
Sin Etiquetas, Sea el primero en etiquetar este registro!
LEADER 00592nam a22002055a 4500
001 CEM.cems002376
005 20060217000000.0
008 130507s1958##################000#0#####d
003 CEMS
082 0 4 |a 792.09 
100 1 |a Farias, Javier 
245 1 0 |a Historia del teatro / 
250 |a 2a. ed. 
260 |a Buenos Aires :  |b Atl ntida,  |c 1958 
300 |a 290 p. 
490 0 |a Oro de cultura general, 160 
653 |a Teatro 
653 |a Teatro-historia 
859 |a CEMS  |b BIB. CEMS - 11 de abril  |h 792.09  |i F225  |p 11996.83  |t Ej.1 
859 |a CEMS  |b BIB. CEMS - 11 de abril  |h 792.09  |i F225  |p 55578.96  |t Ej.2